000 00746nam a2200253 a 4500
999 _c11407
_d11407
001 11407
003 BD-JhCC
005 20190911105200.0
008 190902s2007 bg a|||| |||| 001 0 eng d
020 _a984300000965
035 _a(BD-JhCC)11407
040 _aBD-JhCC
_dBD-JhCC
041 _aeng
082 _a307.1095492
_bIND 2007
245 _aIndigenous Communities /
_cEdited by Mesbah Kamal, Zahidul Islam and Sugata Chakma
260 _aDhaka :
_bAsiatic Society Bangladesh,
_c2007
300 _axii, 560 p.:
_bill. ;
_c24 cm.
490 _aCultural Survey of Bangladesh series - 5
650 _aCommunities
_zBangladesh
700 _aKamal, Mesbah
700 _aIslam, Zahidul
700 _aChakma, Sugata
942 _2ddc
_cBK